Countries Most Similar To Belgium - Statistics

General Stats
  • This quiz has been taken 83 times
  • The average score is 17 of 20
Answer Stats
Rank Country Score % Correct
1 Netherlands 87.4
100%
4 Germany 83.5
98%
3 France 84.6
97%
10 Spain 76.3
97%
6 Denmark 78.2
95%
11 Italy 76.1
95%
2 Luxembourg 85.7
95%
19 Sweden 72.9
90%
14 Switzerland 75.2
90%
12 UK 75.7
90%
5 Austria 78.2
85%
13 Ireland 75.4
83%
9 Poland 76.5
81%
18 Portugal 73.1
81%
8 Czechia 77.3
75%
15 Hungary 74.6
75%
16 Slovakia 74
73%
7 Slovenia 77.7
69%
17 Croatia 73.9
61%
20 Lithuania 72.1
41%
No matching quizzes found
Score Distribution
Percent of People with Each Score
Percentile by Number Answered
Your Score History
You have not taken this quiz